Lịch sử thế giới cổ đại
Trình bày xã hội nguyên thuỷ; các nền văn minh cổ đại Ai Cập, Lưỡng Hà, Ấn Độ, Trung Quốc, Hi Lạp và Rôma cổ đại. Giới thiệu quá trình hình thành các nước, những nét lớn của sự phát triển kinh tế xã hội, chính trị và những thành tựu...
Sparad:
| Huvudupphovsman: | |
|---|---|
| Materialtyp: | Bok |
| Språk: | Undetermined |
| Publicerad: |
Hà Nội
Giáo dục Việt Nam
2014
|
| Ämnen: | |
| Taggar: |
Lägg till en tagg
Inga taggar, Lägg till första taggen!
|
| Thư viện lưu trữ: | Trung tâm Học liệu Trường Đại học Cần Thơ |
|---|
| LEADER | 00978nam a2200205Ia 4500 | ||
|---|---|---|---|
| 001 | CTU_197069 | ||
| 008 | 210402s9999 xx 000 0 und d | ||
| 020 | |c 45000 | ||
| 082 | |a 930 | ||
| 082 | |b N312 | ||
| 100 | |a Lương, Ninh | ||
| 245 | 0 | |a Lịch sử thế giới cổ đại | |
| 245 | 0 | |c Lương Ninh (chủ biên) | |
| 260 | |a Hà Nội | ||
| 260 | |b Giáo dục Việt Nam | ||
| 260 | |c 2014 | ||
| 520 | |a Trình bày xã hội nguyên thuỷ; các nền văn minh cổ đại Ai Cập, Lưỡng Hà, Ấn Độ, Trung Quốc, Hi Lạp và Rôma cổ đại. Giới thiệu quá trình hình thành các nước, những nét lớn của sự phát triển kinh tế xã hội, chính trị và những thành tựu văn hoá nổi bật | ||
| 650 | |a World history,Lịch sử thế giới | ||
| 904 | |i Hải | ||
| 980 | |a Trung tâm Học liệu Trường Đại học Cần Thơ | ||